logo

DICCIONARIO DE LA LENGUA ESPAÑOLA A/G Y H/Z (Record no. 73849)

MARC details
000 -CABECERA
campo de control de longitud fija 00540nam a2200181Ia 4500
001 - NÚMERO DE CONTROL
campo de control 26189
005 - FECHA Y HORA DE LA ÚLTIMA TRANSACCIÓN
campo de control 20260414093213.0
008 - CÓDIGOS DE INFORMACIÓN DE LONGITUD FIJA
campo de control de longitud fija 260115s9999 xx 000 0 und d
035 ## - NÚMERO DE CONTROL DEL SISTEMA
Número de control de sistema 17536
090 ## - LOCALMENTE ASIGNADO TIPO-LC NÚMERO DE CLASIFICACIÓN (OCLC); NÚMERO DE CLASIFICACIÓN LOCAL (RLIN)
Número de clasificación (OCLC) (R) ; Numero de clasificación CALL (RLIN) (NR) 030(46)
100 ## - PUNTO DE ACCESO PRINCIPAL - NOMBRE DE PERSONA
Nombre de persona REAL ACADEMIA ESPAÑOLA
245 #0 - MENCIÓN DE TÍTULO
Título DICCIONARIO DE LA LENGUA ESPAÑOLA A/G Y H/Z
260 ## - PUBLICACIÓN, DISTRIBUCIÓN, ETC. (PIE DE IMPRENTA)
Nombre del editor distribuidor etc. ESPASA CALPE
Fecha de publicación distribución etc. 2001
630 ## - PUNTO DE ACCESO ADICIONAL DE MATERIA--TÍTULO UNIFORME
Título uniforme DICCIONARIOS
650 ## - PUNTO DE ACCESO ADICIONAL DE MATERIA--TÉRMINO DE MATERIA
Término de materia o nombre geográfico como elemento inicial DICCIONARIOS
942 ## - ELEMENTOS DE PUNTO DE ACCESO ADICIONAL (KOHA)
Tipo de ítem Koha Monografías
901 ## - ELEMENTOS DE DATOS A LOCAL LDA (RLIN)
a FH
b FH
y BK
p SEH_26189
i 23787
j 030(46)
c GENERAL
t 1
z 19´5 CTMS. 2368 PAGS.6950 PTAS. MADRID . DOS VOLUMENES
x 1
Holdings
Estado de retiro Estado de pérdida Estado dañado No para préstamo Localización permanente Ubicación/localización actual Ubicación en estantería Fecha de adquisición Número de inventario Número de registro Total de préstamos Código de barras Fecha visto por última vez Número de copia Precio válido a partir de Tipo de ítem Koha Nota pública
        Servicio de Estudios Históricos Servicio de Estudios Históricos   14/04/2026 23787 23787   SEH_26189 14/04/2026 1 14/04/2026 Monografías 19´5 CTMS. 2368 PAGS.6950 PTAS. MADRID . DOS VOLUMENES